| 000 | 01469 a2200205 4500 | ||
|---|---|---|---|
| 003 | Nust | ||
| 005 | 20221229100726.0 | ||
| 010 | _a61019385 | ||
| 020 | _a0691018537 | ||
| 040 | _cNust | ||
| 082 | _a355.02,MAK | ||
| 100 |
_aEarle, Edward Mead, _937953 |
||
| 245 |
_aMakers of modern strategy; _bmilitary thought from Machiavelli to Hitler / _cEdward Mead Earle, |
||
| 260 |
_a[N.J.] Princeton University Press _bPrinceton _c1960, c1941 |
||
| 300 |
_axi, 553 p _bmaps _cplan _ediagrs _f25 cm |
||
| 505 | _aIntroduction on Strategy (Page-1), Athenian strategy in the Peloponnesian War (Page-24), The Strategy Of The warrior State (Page-56), Chinese strategy from the fourteenth to the seventeenth centuries (Page-85), The Making of strategy in Hbsburg Spain (Page-115), The Orgians of global Strategy (Page-151), A quest for Glossary (Page-178), To The Edge of Greatness (Page- 205), Strategic Uncertainties of a Nation (Page-242), The Weary Titan (Page-278), The Strategy of the Decisive Weight (Page-307), The road to Ideological War (Page-352), The Collapse of Empire (Page-393), The Strategy of Innocence (Page-428), The Illusion of Security (Page-466), Strategy for Class War (Page-498), The Evolution of Israeli Strategy (Page-534), Strategy in the Nuclear Age (Page-579), Conclusion (Page-614). | ||
| 600 |
_aEarle, Edward Mead, _937953 |
||
| 650 |
_aMakers of modern strategy; military thought from Machiavelli to Hitler _9106309 |
||
| 942 |
_2ddc _cBK _k355.02,MAK |
||
| 999 |
_c185545 _d185545 |
||